000 00470nam a2200181Ia 4500
005 20250326125457.0
008 250326s9999 xx 000 0 und d
037 _aTextbook
040 _aFMSL
_beng
_cFMSL
041 _aeng
_2eng
084 _aY:45 K7
_qFMSL
100 _aTaft D R
_9739173
245 0 _aCriminology
_cTaft D R; England R W
260 _aNY
_bNY, Macmillan
_c1967
300 _a552p
942 _cTB
_hY:45 K7
999 _c1278238
_d1278238